000 00429nam a2200145Ia 4500
041 _aArabic
082 _a321,02 cut-93 ب
100 _a20260118u\\\\\\\\\\\y0engy0103\\\\ba
100 _aد.بول بوث
245 0 _aدليل وجيز الى التدابير المالية في الدول الفدرالية
250 _aط1
260 _bالمعهد الدىمقراطى الوطنى
300 _a13
942 _cBk
999 _c188936
_d188936